| 000 -LEADER |
| fixed length control field |
00916nam a22002057a 4500 |
| 005 - DATE AND TIME OF LATEST TRANSACTION |
| control field |
20240311120306.0 |
| 008 - FIXED-LENGTH DATA ELEMENTS--GENERAL INFORMATION |
| fixed length control field |
240311s2000 ru ||||| |||| 00| 0 rus d |
| 020 ## - INTERNATIONAL STANDARD BOOK NUMBER |
| International Standard Book Number |
5943750029 |
| 041 ## - LANGUAGE CODE |
| Language code of text/sound track or separate title |
rus |
| 080 ## - UNIVERSAL DECIMAL CLASSIFICATION NUMBER |
| Universal Decimal Classification number |
902(574) И-71 |
| 245 ## - TITLE STATEMENT |
| Title |
Институт археологии : |
| Remainder of title |
История и современность. Сборник научных биографии / |
| Statement of responsibility, etc. |
Ред. В. И. Гуляева; Россиская Академия наук. Институт археологии. |
| 264 ## - PRODUCTION, PUBLICATION, DISTRIBUTION, MANUFACTURE, AND COPYRIGHT NOTICE |
| Place of production, publication, distribution, manufacture |
Москва, |
| Date of production, publication, distribution, manufacture, or copyright notice |
2000. |
| 300 ## - PHYSICAL DESCRIPTION |
| Extent |
272 с.: |
| Other physical details |
ил.; |
| Dimensions |
20 см. |
| 653 ## - INDEX TERM--UNCONTROLLED |
| keyword |
არქეოლოგია |
| 653 ## - INDEX TERM--UNCONTROLLED |
| keyword |
ისტორია |
| 653 ## - INDEX TERM--UNCONTROLLED |
| keyword |
თანამედროვეობა |
| 700 ## - ADDED ENTRY--PERSONAL NAME |
| Personal name |
Гуляев, В.И. |
| Relator term |
რედაქტორი |
| 9 (RLIN) |
21373 |
| 710 ## - ADDED ENTRY--CORPORATE NAME |
| Corporate name or jurisdiction name as entry element |
Россиская Академия наук. Институт археологии |
| 9 (RLIN) |
21374 |
| 942 ## - ADDED ENTRY ELEMENTS (KOHA) |
| Source of classification or shelving scheme |
|
| Koha item type |
წიგნი |